000
00268nam a22001217a 4500
008
181205b xxu||||| |||| 00| 0 eng d
041
_a
eng
080
_a
616.9
100
_a
8
101
_a
INF
245
_a
An Introduction To Virology
_c
Clyde.r
942
_2
udc
_c
BK
999
_c
52860
_d
52860